书目信息 |
| 题名: |
刑罚学研究
|
|
| 作者: | 王志亮 著 | |
| 分册: | ||
| 出版信息: | 北京 中国法制出版社 2012 |
|
| 页数: | 383页 | |
| 开本: | 23cm | |
| 丛书名: | 上海政法学院学术文库 | |
| 单 册: | ||
| 中图分类: | D914.04 | |
| 科图分类: | ||
| 主题词: | 刑罚--研究 , 刑罚 | |
| 电子资源: | ||
| ISBN: | 978-7-5093-3811-7 | |
| 000 | 00886oam2 2200265 450 | |
| 001 | 523 | |
| 005 | 20140905102853.65 | |
| 010 | @a978-7-5093-3811-7@dCNY69.00 | |
| 100 | @a20121030d2012 emky0chiy50 ea | |
| 101 | 0 | @achi |
| 102 | @aCN@b110000 | |
| 105 | @ay z 000yy | |
| 106 | @ar | |
| 200 | 1 | @a刑罚学研究@AXing Fa Xue Yan Jiu@f王志亮著@FWang Zhi Liang Zhu |
| 210 | @a北京@c中国法制出版社@d2012 | |
| 215 | @a383页@d23cm | |
| 225 | 2 | @a上海政法学院学术文库@i刑事法学丛书 |
| 330 | @a本书从刑法的前提、刑法学概述、研究、历史等方面入手,论述刑罚理论、刑罚运行、刑罚后续等相关问题,从而为刑法的设置及完善提供理论参考和支撑,方便学者研究。 | |
| 461 | 0 | @12001 @a上海政法学院学术文库 |
| 606 | 0 | @a刑罚@x研究 |
| 606 | 0 | @a刑罚 |
| 690 | @aD914.04@v5 | |
| 701 | 0 | @a王志亮@AWang Zhi Liang@f(1962~)@4著 |
| 801 | 0 | @aCN@bTANGWEI@c20140603 |
| 905 | @b0839920-22@dD914.04@e548@f3 | |
| 刑罚学研究/王志亮著.-北京:中国法制出版社,2012 |
| 383页;23cm.-(上海政法学院学术文库.刑事法学丛书) |
| ISBN 978-7-5093-3811-7:CNY69.00 |
| 本书从刑法的前提、刑法学概述、研究、历史等方面入手,论述刑罚理论、刑罚运行、刑罚后续等相关问题,从而为刑法的设置及完善提供理论参考和支撑,方便学者研究。 |
| ● |
| 相关链接 |
|
|
|
|
正题名:刑罚学研究
索取号:D914.04/548
 
预约/预借
| 序号 | 登录号 | 条形码 | 馆藏地/架位号 | 状态 | 备注 |
| 1 | 0839920 | 208399204 | 第一样本阅览室/ [索取号:D914.04/548] | 在馆 | |
| 2 | 0839921 | 208399213 | 密集书库-史法系/ [索取号:D914.04/548] | 在馆 | |
| 3 | 0839922 | 208399222 | 第一借阅区/ [索取号:D914.04/548] | 在馆 |